Responses for Show #7487 - Tuesday, March 14, 2017

Contestants

[<< previous game]

Grant McSheffrey, a software developer from Ottawa, Ontario, Canada

Lolita Welch, an independent contractor from Fort Worth, Texas

Jessica Johnston, a college admission officer from Pasadena, California (whose 2-day cash winnings total $40,300)

[next game >>]

Jeopardy! Round responses

THE OTHER SIDE OF THE WORLD
WOMEN ON TELEVISION
SHAKESPEAREAN BABY NAMES
2 WORDS TO COMPLETE THE PHRASE
RVs
IT'S A TOY HALL-ER
(Alex: All of the toys which come up as correct responses are in the Toy Hall of Fame.)
    $200 1
Hawaii

Lolita
    $200 5
(Lolita: What is The Talk?)

The View

JessicaLolita
    $200 2
Valentine

Grant
    $200 17
its spots

Lolita
    $200 16
a camper

Grant
    $200 7
a ball

Jessica
    $400 3
(Lolita: What is the Pacific?)

the Indian Ocean

LolitaGrant
    $400 6
[ERRATUM: Matthew Weiner was not a champion on Jeopardy! in 1992; it is currently believed he was a champion in 1993.]

Téa Leoni

Lolita
    $400 15
Duncan

Triple Stumper
    $400 19
with vinegar

Jessica
    $400 18
towed

Grant
    $400 9
Frisbee

Lolita
    $600 4
New Zealand

Lolita
    $600 8
Meredith Vieira

Lolita
    $600 28
Rosencrantz and Guildenstern

Grant
    $600 20
to waste

Grant
    $600 25
Winnebago

Lolita
    $600 10
the hula hoop

Grant
    $800 11
Easter Island

Jessica
    $800 23
Kimmy Schmidt

Jessica
    $2,000 29
Bianca

Grant
    $800 21
good intentions

Lolita
    $800 26
(Alex: With less than a minute to go now.)

a caravan

Lolita
    $800 13
G.I. Joe

Triple Stumper
    $1000 12
Brazil

Grant
    $1000 24
iZombie

Lolita
    $1000 30
Prospero

Jessica
    $1000 22
served cold

Jessica
    $1000 27
hookups (or utilities)

Lolita
    $1000 14
Atari

Lolita

Scores at the first commercial break (after clue 15):

Jessica Lolita Grant
$1,200 $2,600 $2,200

Scores at the end of the Jeopardy! Round:

Jessica Lolita Grant
$4,400 $7,000 $6,000

Double Jeopardy! Round responses

FUNGI
GRAMMY RECORD OF THE YEAR
WRITERS' VOCABULARY
STATE HOLIDAYS
1917
THAT'S A MYTHTAKE!
    $400 15
truffles

Lolita
    $400 11
"Get Lucky"

Jessica
    $400 22
a bibliography

Jessica
    $400 17
the Boston Marathon

Jessica
    $400 1
a stamp

Jessica
    $400 6
Icarus

Lolita
    $800 27
parasites

Lolita
    $800 12
"Rehab"

Jessica
    $800 23
a metaphor

Grant
    $800 18
(Grant: What is Oklahoma?)

Nebraska

Grant
Triple Stumper
    $800 2
Dallas

Jessica
    $800 7
Oedipus

Lolita
    $1200 28
potatoes

Grant
    $1200 13
"Graceland"

Jessica
    $1200 24
a double entendre

Lolita
    $1200 19
John Glenn

Jessica
    $1200 3
Herbert Hoover

Jessica
    $1,800 8
Echo

Lolita
    $3,000 29
[The end-of-round signal sounds.]

spore

Grant
    $1600 14
(Jessica: What is "Somebody I Used To Know"?)
(Lolita: What is "Someone I Used To Know"?)

"Somebody That I Used To Know"

JessicaLolitaGrant
    $1600 25
personification

Triple Stumper
    $1600 20
Oklahoma

Triple Stumper
    $1600 4
Denali

Grant
    $1600 9
Paris

Lolita
    $2000 16
a "Beautiful Day"

Jessica
    $2000 26
(Lolita: What is an exclamation?)
(Jessica: What is an interjection?)
...
(Alex: Less than a minute to go now.)

an apostrophe

JessicaLolita
Triple Stumper
    $2000 21
La Follette

Jessica
    $2000 5
(Alex: There was a great movie made about him-- [*].)

John Reed

Triple Stumper
    $2000 10
Cassiopeia

Triple Stumper

Scores at the end of the Double Jeopardy! Round:

Jessica Lolita Grant
$11,600 $10,400 $13,400

[wagering suggestions for these scores]

Final Jeopardy! Round responses

CAPITAL CITIES
(Alex: [To Lolita] It's on the island of Java, which has about 140 million inhabitants.)
LolitaWhat is Jakarta?
$2,027
JessicaWhat is Jakarta?
$11,600
GrantWhat is Jakarta?
$10,000
Jakarta

Final scores:

Jessica Lolita Grant
$23,200 $12,427 $23,400
2nd place: $2,000 3rd place: $1,000 New champion: $23,400

Game dynamics:

Coryat scores:

Jessica Lolita Grant
$11,600 $9,800 $10,800
18 R,
2 W
19 R
(including 1 DD),
4 W
14 R
(including 2 DDs),
1 W

Combined Coryat: $32,200

[game clues] [game scores] [suggest correction]

Game tape date: 2016-12-06
The J! Archive is created by fans, for fans. Scraping, republication, monetization, and malicious use prohibited; this site may use cookies and collect identifying information. See terms. The Jeopardy! game show and all elements thereof, including but not limited to copyright and trademark thereto, are the property of Jeopardy Productions, Inc. and are protected under law. This website is not affiliated with, sponsored by, or operated by Jeopardy Productions, Inc. Join the discussion at JBoard.tv.